01370cam a2200325 a 450000500170000000800410001701000140005802000260007202000230009803500130012103700150013404000080014908200130015710000220017024501260019226000490031830000250036750000500039260000500044265000630049265000400055565000350059570000210063085600680065185600680071985600680078794200270085599900170088295201450089920090403071800.0080312s2008 ii b 001 0 eng  aENG-95309 a9780198063506c395.00 a0198063504c395.00 aEN-78842 bDBAD / PUB aDPL a305.5688 aThorat, Sukhadeo. aB.R. Ambedkar :bperspectives on social exclusion and inclusive policies /cEdited by Sukhadeo Thorat and Narender Kumar. aNew Delhi :bOxford University Press,c2009. a386 p. c23 cm.(Pbk) aIncludes bibliographical references and index aAmbedkar, B. R.q(Bhimrao Ramji),d1891-1956. aPeople with social disabilitiesxGovernment policyzIndia. aAffirmative action programszIndia. aReverse discriminationzIndia. aKumar, Narender. uhttp://www.loc.gov/catdir/enhancements/fy0907/2008307547-b.html uhttp://www.loc.gov/catdir/enhancements/fy0907/2008307547-d.html uhttp://www.loc.gov/catdir/enhancements/fy0907/2008307547-t.html 2ddccENmTHOh305.5688 c31311d31311 00102ddc40718NFICaDBADbDBADd2009-11-04eDBAD / PUBg395.00l0o305.5688 THOpEN-78842r2009-11-04 00:00:00t1v395.00w2009-11-04yEN